Robotic 3d Clay Printing Of Prtefabricated Non Conventional Interlocking Components (Record no. 364745)
[ view plain ]
| 000 -LEADER | |
|---|---|
| fixed length control field | 00375nam a2200121Ia 4500 |
| 008 - FIXED-LENGTH DATA ELEMENTS--GENERAL INFORMATION | |
| fixed length control field | 250110s9999 xx 000 0 und d |
| 041 ## - LANGUAGE CODE | |
| Language code of text/sound track or separate title | eng |
| 100 ## - MAIN ENTRY--PERSONAL NAME | |
| Personal name | Naik Sayali |
| 245 ## - TITLE STATEMENT | |
| Title | Robotic 3d Clay Printing Of Prtefabricated Non Conventional Interlocking Components |
| 260 ## - PUBLICATION, DISTRIBUTION, ETC. (IMPRINT) | |
| Name of publisher, distributor, etc. | BNCA-M arch Digital Architecture |
| Date of publication, distribution, etc. | 2021 |
| 300 ## - PHYSICAL DESCRIPTION | |
| Extent | 72 Pages |
| 500 ## - GENERAL NOTE | |
| Keywords | Digital Architecture |
| Withdrawn status | Lost status | Damaged status | Not for loan | Home library | Current library | Date acquired | Total Checkouts | Barcode | Date last seen | Bill Date | Koha item type | Original Barcode |
|---|---|---|---|---|---|---|---|---|---|---|---|---|
| Dr. Bhanuben Nanavati College of Architecture | Dr. Bhanuben Nanavati College of Architecture | 12/11/2024 | BNCA-PR-2245 | 10/01/2025 | 10/01/2025 | Project Reports | PR2245 |